| 000 | 02940nam a22001577a 4500 | ||
|---|---|---|---|
| 041 | _aukr | ||
| 080 | _a09 | ||
| 090 | _bУСИ | ||
| 100 | _aУсик Т. М. | ||
| 245 | _aГендерні особливості контекстуальної реалізації лексики, що описує душевний стан людини людини, на прикладі творів Маргарет Мітчел "Віднесені вітром" та Джека Лондона "Долина місячного сяйва" | ||
| 260 |
_aОстрог _bКАФ _c2007 |
||
| 300 | _a54 | ||
| 520 |
_aВступ
Розділ 1. Теорії поля
1.1 Системний характер лексики та польова модель мови
1.2 Парадигматичні поля
1.3 Розрізнювальні ознаки ЛСП від ЛСГ і синонімічного ряду
1.4 Синтагматичні та комплексні поля
1.5 Лексичні асоціації та асоціативні поля
1.6 Типи звязків в лексичних польових структурах
1.7 Насиченість та варіативність семантичного поля
1.8 Контекстуальний аналіз як метод досліження функціональної сторони лексеми
Розділ 2. Гендер та гендерні дослідження в мовознавстві
2.1 Етнічні гендерні стереотипи
2.2 Гендерні дослідження на пострадянському та європейському просторах
2.3 Поняття "гендер" у лінгвістиці
2.4 Характеристика пердставників чоловічої і жіночої статі у мові. Особливості мовленнєвої поведінки чоловіків та жінок
Розділ 3. Аналіз лексико-семантичного поля "душевний стан людини" на прикладі творів Маргарет Мітчелл "Віднесені вітром" та Джека Лондона "Долина місячного сяйва"
3.1 Лексеми, що входять до лексико-семантичного поля "душевний стан людини"
3.2 Характеристики поля "душевний стан людини" у аналізованих творах. Ядерні та периферійні компоненти
3.3 Варіативність та насиченість семантичного поля "душевний стан людини" у досліджуваних творах
Висновки
Список використаної літератури _0гендер, лексикологія, контекстуальний аналіз |
||
| 650 | _aResearch Papers | ||
| 999 |
_c284062 _d284062 |
||
| 942 | _cBK | ||